| 000 | 00633nam a2200193 a 4500 | ||
|---|---|---|---|
| 001 | 000029465 | ||
| 005 | 20240320074002.0 | ||
| 008 | 110415s2009 dr 000 0 spa d | ||
| 020 | _a9789993467526 | ||
| 040 |
_aDO-SdBNP _bspa _cBNPHU |
||
| 082 |
_axxx _bB446n |
||
| 100 | 1 |
_aBello Peguero, Rafael, _d1932-2022 _92405 |
|
| 245 | 1 | 0 |
_aNecrologías 1884-1979 : _bboletín eclesiástico de la arquidiócesis de Santo Domingo / _cRafael Bello Peguero. |
| 260 |
_aSanto Domingo : _bAmigo del Hogar, _c2009. |
||
| 300 |
_a281 p. ; _c23 cm. |
||
| 500 | _aIncluye índice nomástico | ||
| 504 | _aBibliografías p. 261-272 | ||
| 049 | _aBNPD | ||
| 999 |
_c28957 _d28957 |
||